[Event "AUTO-ELITE-2284"]
[Site "http://www.queenalice.com/game.php?id=1632814"]
[Date "2020.11.13"]
[Round "1"]
[White "Robi"]
[Black "Sexxy_Bunny"]
[Result "1/2-1/2"]
[WhiteElo "2769"]
[BlackElo "2776"]

1. e4 c5 2. Nf3 d6 3. d4 cxd4 4. Nxd4 Nf6 5. Nc3 a6 6. Be3 e5 7. Nb3 Be6 8. f3
Nbd7 9. g4 Nb6 10. g5 Nh5 11. Qd2 Be7 12. O-O-O O-O 13. Rg1 Rc8 14. Kb1 g6 15.
Qf2 Nc4 16. Bxc4 Bxc4 17. Na4 Be6 18. Nb6 Rc7 19. Nd5 Bxd5 20. Rxd5 Qe8 21. Rd3
b5 22. h4 Qd7 23. a3 f5 24. gxf6 Nxf6 25. Rg2 Nh5 26. Bh6 Rf7 27. Qd2 Qh3 28.
Rh2 Qg3 29. Rh1 Nf4 30. Bxf4 Rxf4 31. h5 Rxf3 32. hxg6 hxg6 33. Qh6 Rxd3 34.
Qh8+ Kf7 35. Rh7+ Ke6 36. cxd3 Qxd3+ 37. Ka2 Qxe4 38. Qg8+ Kf5 39. Qf7+ Kg5 40.
Nd2 Qf4 41. Nf3+ Kg4 42. Nxe5+ Qxe5 43. Qxg6+ Kf4 44. Rf7+ Ke3 45. Rf5 Bf6 46.
Qh6+ Ke2 47. Qh5+ Kd2 48. Rxe5 Bxe5 49. Kb3 Rc4 50. Qf3 Rf4 51. Qh3 Re4 52. Qg2+
Re2 53. Qd5+ Ke3 54. Kb4 Rxb2+ 55. Ka5 Rb1 56. Kxa6 b4 57. a4 b3 58. Kb5 b2 59.
Qb3+ Kf4 60. Qf7+ Ke3 61. Qb3+ Kd2 62. Qb4+ Ke3 63. Qb3+ 1/2-1/2

[Event "AUTO-ELITE-2284"]
[Site "http://www.queenalice.com/game.php?id=1632815"]
[Date "2020.11.13"]
[Round "1"]
[White "Sexxy_Bunny"]
[Black "Robi"]
[Result "1/2-1/2"]
[WhiteElo "2740"]
[BlackElo "2769"]

1. e4 c5 2. Nf3 d6 3. d4 cxd4 4. Nxd4 Nf6 5. Nc3 a6 6. Be3 e5 7. Nb3 Be6 8. f3
h5 9. Qd2 Nbd7 10. O-O-O Be7 11. Kb1 b5 12. Nd5 Bxd5 13. exd5 Nb6 14. Bxb6 Qxb6
15. Na5 Rc8 16. Nc6 Nxd5 17. Nxe7 Nxe7 18. Qxd6 Qxd6 19. Rxd6 Nc6 20. c3 Ke7 21.
Rd1 Nd8 22. Rd5 Ke6 23. Rd2 Nb7 24. Bd3 Rhd8 25. Rhd1 Rc7 26. Kc2 Rd6 27. a3 g6
28. h4 f5 29. g3 Rcc6 30. b4 Rc7 31. f4 e4 32. Be2 Rxd2+ 33. Rxd2 Nd6 34. Rd4
Rc6 35. Kb2 Rc7 36. Kb3 Rc6 37. Kc2 Rc7 38. Kb3 Rc8 39. Kc2 Rc6 1/2-1/2

[Event "AUTO-ELITE-2284"]
[Site "http://www.queenalice.com/game.php?id=1632816"]
[Date "2020.11.13"]
[Round "1"]
[White "Robi"]
[Black "wudang"]
[Result "0-1"]
[WhiteElo "2748"]
[BlackElo "2625"]

1. e4 c5 2. Nf3 e6 3. d4 cxd4 4. Nxd4 a6 5. Bd3 Nc6 6. Nxc6 bxc6 7. O-O d6 8. c4
Nf6 9. Nc3 Be7 10. b3 O-O 11. Bb2 Qc7 12. Na4 e5 13. c5 d5 14. exd5 cxd5 15. Re1
e4 16. Be2 Bb7 17. Nb6 e3 18. fxe3 Bxc5 19. Nxa8 Bxe3+ 20. Kh1 Ne4 21. Rf1 Rxa8
22. Bd4 Bg5 23. Bd3 Re8 24. Qc2 Qe7 25. a4 g6 26. Rae1 Rc8 27. Qe2 Qb4 28. Be3
Bxe3 29. Qxe3 Nd2 30. Rf6 d4 0-1

[Event "AUTO-ELITE-2284"]
[Site "http://www.queenalice.com/game.php?id=1632817"]
[Date "2020.11.13"]
[Round "1"]
[White "wudang"]
[Black "Robi"]
[Result "1-0"]
[WhiteElo "2635"]
[BlackElo "2738"]

1. e4 c5 2. Nf3 d6 3. d4 cxd4 4. Nxd4 Nf6 5. Nc3 a6 6. h3 e5 7. Nde2 h5 8. Bg5
Be6 9. g3 Be7 10. Bg2 b5 11. Bxf6 Bxf6 12. Nd5 O-O 13. h4 Nc6 14. O-O g6 15. c4
Bg7 16. cxb5 axb5 17. Rc1 Rc8 18. a3 Kh7 19. Qd3 Qa5 20. b4 Qa6 21. Kh2 Qb7 22.
Bh3 Nd4 23. Rxc8 Rxc8 24. Bxe6 fxe6 25. Ndf4 exf4 26. Nxd4 fxg3+ 27. fxg3 Bxd4
28. Qxd4 Rc2+ 29. Rf2 e5 30. Qe3 Rxf2+ 31. Qxf2 Kg7 32. Qd2 Qc6 33. Qg5 1-0

[Event "USA & EUROPE"]
[Site "http://www.queenalice.com/game.php?id=1646870"]
[Date "2021.3.17"]
[Round "3"]
[White "Robi"]
[Black "kobra23"]
[Result "0-1"]
[WhiteElo "2691"]
[BlackElo "2628"]

1. d4 Nf6 2. c4 e6 3. Nf3 d5 4. g3 dxc4 5. Bg2 a6 6. O-O Nc6 7. e3 Bd7 8. Qe2 b5
9. b3 cxb3 10. axb3 Bd6 11. Bb2 O-O 12. Rc1 Nd5 13. Nc3 Ncb4 14. Ne4 f6 15. Ba3
a5 16. Ne1 Re8 17. Qd2 Bc6 18. Nxd6 cxd6 19. e4 Ne7 20. d5 exd5 21. exd5 Bd7 22.
Bxb4 axb4 23. Nd3 Ng6 24. Nxb4 Ne5 25. Nc6 Qb6 26. Rxa8 Rxa8 27. Be4 Re8 28. Qc2
g6 29. Bg2 Bf5 30. Qd2 b4 31. Ra1 Qc5 32. Rc1 Qb6 33. Re1 Qc5 34. Nxb4 Kg7 35.
Rc1 Qa5 36. Qc3 Ra8 0-1

[Event "AUTO-ELITE-2320"]
[Site "http://www.queenalice.com/game.php?id=1647252"]
[Date "2021.3.21"]
[Round "1"]
[White "fred57"]
[Black "Robi"]
[Result "1-0"]
[WhiteElo "2889"]
[BlackElo "2769"]

1. e4 c5 2. Nf3 d6 3. d4 cxd4 4. Nxd4 Nf6 5. Nc3 a6 6. Bg5 Nbd7 7. Bc4 e6 8. Qe2
b5 9. Bb3 Bb7 10. O-O-O Rc8 11. Rhe1 h6 12. Bh4 Rxc3 13. bxc3 Qa5 14. Bxf6 Nxf6
15. Qd3 Nd7 16. Qh3 Nc5 17. e5 d5 18. f4 g6 19. Kb1 h5 20. g4 Bh6 21. gxh5 Bf8
22. Qf3 Rxh5 23. f5 Rxf5 24. Nxf5 gxf5 25. h4 Qc7 26. h5 1-0

[Event "AUTO-ELITE-2320"]
[Site "http://www.queenalice.com/game.php?id=1647253"]
[Date "2021.3.21"]
[Round "1"]
[White "Robi"]
[Black "fred57"]
[Result "0-1"]
[WhiteElo "2763"]
[BlackElo "2895"]

1. e4 c5 2. Nf3 Nc6 3. Bb5 g6 4. O-O Bg7 5. Re1 e5 6. Bxc6 dxc6 7. d3 Qc7 8. Be3
b6 9. a3 a5 10. Nbd2 Ne7 11. c3 Be6 12. b4 axb4 13. axb4 Rxa1 14. Qxa1 cxb4 15.
cxb4 O-O 16. h3 h6 17. Nc4 Bxc4 18. dxc4 Kh7 19. Re2 f5 20. Ra2 Rb8 21. Ra6 Rb7
22. Ra8 c5 23. b5 Qd7 24. Qb1 Qe6 25. Qd3 f4 0-1

[Event "AUTO-ELITE-2320"]
[Site "http://www.queenalice.com/game.php?id=1647256"]
[Date "2021.3.21"]
[Round "1"]
[White "Sidinei"]
[Black "Robi"]
[Result "1-0"]
[WhiteElo "2695"]
[BlackElo "2710"]

1. e4 c5 2. Nf3 d6 3. d4 cxd4 4. Nxd4 Nf6 5. Nc3 a6 6. Be3 e5 7. Nb3 Be6 8. f3
h5 9. Qd2 Nbd7 10. Nd5 Bxd5 11. exd5 g6 12. O-O-O Nb6 13. Kb1 Nbxd5 14. Bg5 Be7
15. Bd3 Qc7 16. Rhe1 Nb6 17. a4 O-O-O 18. a5 Nbd7 19. Be3 Kb8 20. Bg1 d5 21. c3
Bd6 22. Qf2 Qc6 23. Qa7+ Kc8 24. Rc1 Rhe8 25. Qa8+ 1-0

[Event "AUTO-ELITE-2320"]
[Site "http://www.queenalice.com/game.php?id=1647257"]
[Date "2021.3.21"]
[Round "1"]
[White "Robi"]
[Black "Sidinei"]
[Result "0-1"]
[WhiteElo "2758"]
[BlackElo "2670"]

1. e4 e5 2. Nf3 Nc6 3. Bb5 Nf6 4. d3 Bc5 5. c3 O-O 6. O-O d6 7. h3 a6 8. Bxc6
bxc6 9. Re1 Bb6 10. Nbd2 Re8 11. a4 a5 12. Nc4 h6 13. b3 c5 14. Be3 Ra6 15. Rc1
Ba7 16. Qc2 Nh7 17. Ncd2 Qf6 18. Qd1 Nf8 19. Nf1 Bb7 20. c4 Bb8 21. g4 Qd8 22.
Ng3 Bc8 23. Kh1 f6 0-1

[Event "Let's Play Chess!"]
[Site "http://www.queenalice.com/game.php?id=1759045"]
[Date "2021.5.10"]
[Round "-"]
[White "masam2014"]
[Black "Robi"]
[Result "0-1"]
[WhiteElo "1406"]
[BlackElo "2768"]

1. d4 Nf6 2. c4 e6 3. a3 b6 4. Nf3 Bb7 5. e3 d5 6. Nc3 Nbd7 7. Bd3 dxc4 8. Bxc4
Bd6 9. O-O O-O 10. b4 Rc8 11. Bb2 c5 0-1

[Event "Let's Play Chess!"]
[Site "http://www.queenalice.com/game.php?id=1759046"]
[Date "2021.5.10"]
[Round "-"]
[White "Robi"]
[Black "masam2014"]
[Result "1-0"]
[WhiteElo "2767"]
[BlackElo "1408"]

1. d4 d5 2. c4 e6 3. Nf3 c5 4. cxd5 exd5 5. Bg5 Nf6 6. Nc3 Be7 7. dxc5 O-O 8. e3
Bxc5 9. Bxf6 Qxf6 10. Qxd5 Bb4 11. Qd4 Bxc3+ 12. bxc3 1-0